00812cam a2200253 a 4500001000500000005001700005020001800022040002300040050001400063082001100077100002100088245008000109250004600189260003400235300005600269500001700325505000800342520008900350521002000439521002000459650003800479650001400517650002700531167420251201141140.0 a9780590449922 aDLCcDLCdDLCbeng00aPZ8.M355400a398.21 aMarshall, James 00aGoldilocks and the three bears /cRetold and illustrated by Marshall, James aFirst Scholastic printing, September 1991 bScholastic,c1988aNew York : a32 unnumbered pages :bcolor illustrations ;c27 cm aCover title. aK  aThree bears return home from a walk to find a little girl asleep in baby bear's bed. a520 bLexile  aK bRaz-Plus  0aToy and movable booksvSpecimens. 1aFolklore. 1aToy and movable books.